000 00513nam a2200193Ia 4500
003 IIN
005 20250521115045.0
008 231217s9999 xx 000 0 und d
020 _cRs.295.00
_a9788181914330
040 _aIIN
_bEnglish
082 _a362.10425
_bKUL
100 1 _aKulkarni, A.T.
245 1 _aHandbook of Community Medicine/
_cA.T. Kulkarni
260 _aHyderabad
_bParas Medical
_c2015
300 _a296 p.
650 1 _aCommunity Health Nursing
650 1 _aCommunity Medicine
942 _cBOOK
999 _c442
_d442